| 000 | 00662nam a2200205Ia 4500 | ||
|---|---|---|---|
| 005 | 20260114154958.0 | ||
| 008 | 008 250103s9999 xx 000 0 eng d | ||
| 037 | _aTheses | ||
| 040 |
_aCRL _beng _cCRL |
||
| 041 |
_aeng _2eng |
||
| 084 | _qCRL | ||
| 100 |
_aVinod Kumar Au. _9869238 |
||
| 245 | 3 | _aAn Assessment of Psychological Profile of Athletes in Selected Combat Sports | |
| 260 |
_aDelhi _bUniversity of Delhi. Faculty of Inter-Disciplinary&Applied Science. Deptt. of Physical Education & Sports Science _c2024 |
||
| 300 | _a175p. | ||
| 650 |
_aSports _9869239 |
||
| 700 |
_a Vanaik Anil K. Gu. _9869240 |
||
| 942 | _cTH | ||
| 999 |
_c1469456 _d1469456 |
||